<?xml version="1.0" encoding="UTF-8"?>
<record
    xmlns:xsi="http://www.w3.org/2001/XMLSchema-instance"
    xsi:schemaLocation="http://www.loc.gov/MARC21/slim http://www.loc.gov/standards/marcxml/schema/MARC21slim.xsd"
    xmlns="http://www.loc.gov/MARC21/slim">

  <leader>01960nam a22002537a 4500</leader>
  <datafield tag="999" ind1=" " ind2=" ">
    <subfield code="c">58451</subfield>
    <subfield code="d">58451</subfield>
  </datafield>
  <controlfield tag="003">Ge_BSU</controlfield>
  <controlfield tag="005">20221221132859.0</controlfield>
  <controlfield tag="008">220215s2022ge  xxu||||| |||| 00| 0 geo d</controlfield>
  <datafield tag="041" ind1=" " ind2=" ">
    <subfield code="a">geo</subfield>
  </datafield>
  <datafield tag="080" ind1=" " ind2=" ">
    <subfield code="a">94 &#x10E8;-51</subfield>
  </datafield>
  <datafield tag="100" ind1=" " ind2=" ">
    <subfield code="a">&#x10E8;&#x10D4;&#x10E0;&#x10D5;&#x10D0;&#x10E8;&#x10D8;&#x10EB;&#x10D4;, &#x10D8;&#x10E0;&#x10D8;&#x10DC;&#x10D4;</subfield>
    <subfield code="9">13546</subfield>
  </datafield>
  <datafield tag="245" ind1=" " ind2=" ">
    <subfield code="a">XX &#x10E1;&#x10D0;&#x10E3;&#x10D9;&#x10E3;&#x10DC;&#x10D8;&#x10E1; 20-30-&#x10D8;&#x10D0;&#x10DC;&#x10D8; &#x10EC;&#x10DA;&#x10D4;&#x10D1;&#x10D8;&#x10E1; &#x10E0;&#x10D4;&#x10DE;&#x10E0;&#x10D4;&#x10E1;&#x10D8;&#x10D4;&#x10D1;&#x10D8; &#x10DE;&#x10DD;&#x10DA;&#x10D8;&#x10E2;&#x10D8;&#x10D9;&#x10E3;&#x10E0;&#x10D8; &#x10D3;&#x10D0; &#x10D9;&#x10E3;&#x10DA;&#x10E2;&#x10E3;&#x10E0;&#x10E3;&#x10DA;&#x10D8; &#x10DB;&#x10D4;&#x10EE;&#x10E1;&#x10D8;&#x10D4;&#x10E0;&#x10D4;&#x10D1;&#x10D8;&#x10E1; &#x10D9;&#x10DD;&#x10DC;&#x10E2;&#x10D4;&#x10E5;&#x10E1;&#x10E8;&#x10D8;  /</subfield>
    <subfield code="c">&#x10D8;&#x10E0;&#x10D8;&#x10DC;&#x10D4; &#x10E8;&#x10D4;&#x10E0;&#x10D5;&#x10D0;&#x10E8;&#x10D8;&#x10EB;&#x10D4;, &#x10E1;&#x10D0;&#x10DB;&#x10D4;&#x10EA;&#x10DC;.&#x10EE;&#x10D4;&#x10DA;&#x10DB;&#x10EB;&#x10E6;. &#x10D7;&#x10D0;&#x10DB;&#x10D0;&#x10D6; &#x10E4;&#x10E3;&#x10E2;&#x10D9;&#x10D0;&#x10E0;&#x10D0;&#x10EB;&#x10D4;.</subfield>
  </datafield>
  <datafield tag="264" ind1=" " ind2=" ">
    <subfield code="a">&#x10D1;&#x10D0;&#x10D7;&#x10E3;&#x10DB;&#x10D8;,</subfield>
    <subfield code="c">2022.</subfield>
  </datafield>
  <datafield tag="300" ind1=" " ind2=" ">
    <subfield code="a">204 &#x10D2;&#x10D5;.:</subfield>
    <subfield code="c">29 &#x10E1;&#x10DB;.</subfield>
  </datafield>
  <datafield tag="501" ind1=" " ind2=" ">
    <subfield code="a">&#x10D3;&#x10D0;&#x10DC;&#x10D0;&#x10E0;&#x10D7;&#x10D8; 1 &#x10D2;&#x10D5;:161-178 . &#x10D3;&#x10D0;&#x10DC;&#x10D0;&#x10E0;&#x10D7;&#x10D8; 2 &#x10D2;&#x10D5;:179-203.</subfield>
  </datafield>
  <datafield tag="504" ind1=" " ind2=" ">
    <subfield code="a">&#x10D1;&#x10D8;&#x10D1;&#x10DA;&#x10D8;&#x10DD;&#x10D2;&#x10E0;.&#x10D2;&#x10D5;:153-159</subfield>
  </datafield>
  <datafield tag="653" ind1=" " ind2=" ">
    <subfield code="a">XX &#x10E1;&#x10D0;&#x10E3;&#x10D9;&#x10E3;&#x10DC;&#x10D8;&#x10E1; 20-30-&#x10D8;&#x10D0;&#x10DC;&#x10D8; &#x10EC;&#x10DA;&#x10D4;&#x10D1;&#x10D8;&#x10E1; &#x10E0;&#x10D4;&#x10DE;&#x10E0;&#x10D4;&#x10E1;&#x10D8;&#x10D4;&#x10D1;&#x10D8; &#x10DE;&#x10DD;&#x10DA;&#x10D8;&#x10E2;&#x10D8;&#x10D9;&#x10E3;&#x10E0;&#x10D8; &#x10D3;&#x10D0; &#x10D9;&#x10E3;&#x10DA;&#x10E2;&#x10E3;&#x10E0;&#x10E3;&#x10DA;&#x10D8; &#x10DB;&#x10D4;&#x10EE;&#x10E1;&#x10D8;&#x10D4;&#x10E0;&#x10D4;&#x10D1;&#x10D8;&#x10E1; &#x10D9;&#x10DD;&#x10DC;&#x10E2;&#x10D4;&#x10E5;&#x10E1;&#x10E8;&#x10D8;</subfield>
  </datafield>
  <datafield tag="653" ind1=" " ind2=" ">
    <subfield code="a">&#x10D8;&#x10E1;&#x10E2;&#x10DD;&#x10E0;&#x10D8;&#x10D0;</subfield>
  </datafield>
  <datafield tag="653" ind1=" " ind2=" ">
    <subfield code="a">&#x10DC;&#x10D0;&#x10E8;&#x10E0;&#x10DD;&#x10DB;&#x10D8; &#x10EC;&#x10D0;&#x10E0;&#x10DB;&#x10DD;&#x10D3;&#x10D2;&#x10D4;&#x10DC;&#x10D8;&#x10DA;&#x10D8;&#x10D0; &#x10D8;&#x10E1;&#x10E2;&#x10DD;&#x10E0;&#x10D8;&#x10D8;&#x10E1; &#x10D3;&#x10DD;&#x10E5;&#x10E2;&#x10DD;&#x10E0;&#x10D8;&#x10E1; &#x10D0;&#x10D9;&#x10D0;&#x10D3;&#x10D4;&#x10DB;&#x10D8;&#x10E3;&#x10E0;&#x10D8; &#x10D3;&#x10DD;&#x10E5;&#x10E2;&#x10DD;&#x10E0;&#x10D8;&#x10E1; &#x10DB;&#x10DD;&#x10E1;&#x10D0;&#x10DE;&#x10DD;&#x10D5;&#x10D4;&#x10D1;&#x10DA;&#x10D0;&#x10D3;</subfield>
  </datafield>
  <datafield tag="700" ind1=" " ind2=" ">
    <subfield code="a">&#x10E4;&#x10E3;&#x10E2;&#x10D9;&#x10D0;&#x10E0;&#x10D0;&#x10EB;&#x10D4;, &#x10D7;&#x10D0;&#x10DB;&#x10D0;&#x10D6;</subfield>
    <subfield code="e">&#x10E1;&#x10D0;&#x10DB;&#x10D4;&#x10EA;&#x10DC;&#x10D8;&#x10D4;&#x10E0;&#x10DD; &#x10EE;&#x10D4;&#x10DA;&#x10DB;&#x10EB;&#x10E6;&#x10D5;&#x10D0;&#x10DC;&#x10D4;&#x10DA;&#x10D8;</subfield>
    <subfield code="9">13547</subfield>
  </datafield>
  <datafield tag="710" ind1=" " ind2=" ">
    <subfield code="a">&#x10D1;&#x10D0;&#x10D7;&#x10E3;&#x10DB;&#x10D8;&#x10E1; &#x10E8;&#x10DD;&#x10D7;&#x10D0; &#x10E0;&#x10E3;&#x10E1;&#x10D7;&#x10D0;&#x10D5;&#x10D4;&#x10DA;&#x10D8;&#x10E1; &#x10E1;&#x10D0;&#x10EE;&#x10D4;&#x10DA;&#x10DB;&#x10EC;&#x10D8;&#x10E4;&#x10DD; &#x10E3;&#x10DC;&#x10D8;&#x10D5;&#x10D4;&#x10E0;&#x10E1;&#x10D8;&#x10E2;&#x10D4;&#x10E2;&#x10D8;</subfield>
    <subfield code="9">13548</subfield>
  </datafield>
  <datafield tag="710" ind1=" " ind2=" ">
    <subfield code="a">&#x10F0;&#x10E3;&#x10DB;&#x10D0;&#x10DC;&#x10D8;&#x10E2;&#x10D0;&#x10E0;&#x10E3;&#x10DA; &#x10DB;&#x10D4;&#x10EA;&#x10DC;&#x10D8;&#x10D4;&#x10E0;&#x10D4;&#x10D1;&#x10D0;&#x10D7;&#x10D0; &#x10E4;&#x10D0;&#x10D9;&#x10E3;&#x10DA;&#x10E2;&#x10D4;&#x10E2;&#x10D8;</subfield>
    <subfield code="b">&#x10D8;&#x10E1;&#x10E2;&#x10DD;&#x10E0;&#x10D8;&#x10D8;&#x10E1;, &#x10D0;&#x10E0;&#x10E5;&#x10D4;&#x10DD;&#x10DA;&#x10DD;&#x10D2;&#x10D8;&#x10D8;&#x10E1;&#x10D0; &#x10D3;&#x10D0; &#x10D4;&#x10D7;&#x10DC;&#x10DD;&#x10DA;&#x10DD;&#x10D2;&#x10D8;&#x10D8;&#x10E1; &#x10D3;&#x10D4;&#x10DE;&#x10D0;&#x10E0;&#x10E2;&#x10D0;&#x10DB;&#x10D4;&#x10DC;&#x10E2;&#x10D8;</subfield>
    <subfield code="9">13549</subfield>
  </datafield>
  <datafield tag="942" ind1=" " ind2=" ">
    <subfield code="2">udc</subfield>
    <subfield code="c">DS</subfield>
  </datafield>
  <datafield tag="952" ind1=" " ind2=" ">
    <subfield code="0">0</subfield>
    <subfield code="1">0</subfield>
    <subfield code="2">udc</subfield>
    <subfield code="4">0</subfield>
    <subfield code="6">94_&#x10E8;51</subfield>
    <subfield code="7">1</subfield>
    <subfield code="9">91412</subfield>
    <subfield code="a">CPL</subfield>
    <subfield code="b">CPL</subfield>
    <subfield code="c">GEN</subfield>
    <subfield code="d">2022-02-15</subfield>
    <subfield code="o">94 &#x10E8;-51</subfield>
    <subfield code="p">382 &#x10D3;&#x10D8;&#x10E1;&#x10D4;&#x10E0;&#x10E2;&#x10D0;&#x10EA;&#x10D8;&#x10D0;</subfield>
    <subfield code="r">2022-02-15</subfield>
    <subfield code="t">382 &#x10D3;&#x10D8;&#x10E1;&#x10D4;&#x10E0;&#x10E2;&#x10D0;&#x10EA;&#x10D8;&#x10D0;</subfield>
    <subfield code="w">2022-02-15</subfield>
    <subfield code="y">DS</subfield>
  </datafield>
</record>
